00443 2200169 4500001002100000005001500021035002000036245006500056100001300121250001700134300003200151260003200183082000800215084001400223020002200237650001400259INLIS00000000000071020241004080256 a0010-10240000031 aPertanian Terpadu Ayam, Ikan, dan Sayur (Akansa) /cSuparman0 aSuparman acetakan ke-1 aiv, 36 hlm :bIlus ;c21 cm aSurabaya :bJP Books,c2007 a630 a630 SUP p a978-979-3487-78-6 4aPertanian